000 00623nam a2200193 i 4500
001 58500
003 ES-MaACL
005 20230906163825.0
007 t|
008 031022s1968 mx ||||1| spa d
100 1 _aDuggan, Alfred.
_945932
245 1 4 _aLos romanos /
_cpor Alfred Duggan ; ilustraciones de Richard M. Powers ; [traducción de María Luisa Díez-Canedo].
250 _a[2ª ed.].
260 _aMéxico :
_bJoaquín Mortiz,
_c[1968]
300 _a118 p. :
_bil. ;
_c19 cm.
700 1 _aPowers, Richard M.
_993511
700 1 _aDíez-Canedo, María Luísa.
_944687
852 _aES-MaACL
_jE-9595
_bR.93984
999 _c58500
_d58500